Usable Pasts (Record no. 353186)
[ view plain ]
| 000 -LEADER | |
|---|---|
| fixed length control field | 00543nam a2200121Ia 4500 |
| 008 - FIXED-LENGTH DATA ELEMENTS--GENERAL INFORMATION | |
| fixed length control field | 171212s9999 xx 000 0 und d |
| 020 ## - INTERNATIONAL STANDARD BOOK NUMBER | |
| International Standard Book Number | 9780874212259 |
| 245 ## - TITLE STATEMENT | |
| Statement of responsibility, etc | editor Tuleja, Tad |
| Title | Usable Pasts |
| Remainder of title | Traditions and Group Expressions in North America |
| 260 ## - PUBLICATION, DISTRIBUTION, ETC. (IMPRINT) | |
| Name of publisher, distributor, etc | University Press of Colorado |
| Date of publication, distribution, etc | 1997 |
| 650 ## - SUBJECT ADDED ENTRY--TOPICAL TERM | |
| Topical term or geographic name as entry element | Minorities -- United States -- Social life and customs; Minorities -- Canada -- Social life and customs; Ethnology -- United States; Ethnology -- Canada |
| 650 ## - SUBJECT ADDED ENTRY--TOPICAL TERM | |
| Topical term or geographic name as entry element | Sociology |
| 856 ## - ELECTRONIC LOCATION AND ACCESS | |
| Uniform Resource Identifier | <a href="www.jstor.org/stable/10.2307/j.ctt46nrkh">www.jstor.org/stable/10.2307/j.ctt46nrkh</a> |
| Withdrawn status | Lost status | Damaged status | Home library | Current library | Date acquired | Total Checkouts | Full call number | Date last seen | Price effective from | Koha item type |
|---|---|---|---|---|---|---|---|---|---|---|
| College Library | College Library | 12/12/2017 | E184.A1U83 1997 | 12/12/2017 | 12/12/2017 | Curriculum - Based eBooks |